Loading...
Socialite evenings
| Main Author: | |
|---|---|
| Format: | Printed Book |
| Published: |
New Delhi, Penguin
1989
|
| Subjects: |
| LEADER | 005020000a22001810004500 | ||
|---|---|---|---|
| 020 | |a 0-14-012267-2 | ||
| 022 | |a 05-07-2004 | ||
| 041 | |a English | ||
| 082 | |a 823 SHO/S M9 | ||
| 100 | |a Shobha De | ||
| 245 | |a Socialite evenings | ||
| 260 | |a New Delhi, Penguin | ||
| 260 | |c 1989 | ||
| 650 | |a English literature | ||
| 650 | |a Novel | ||
| 942 | |c BK | ||
| 999 | |c 143676 |d 143672 | ||
| 952 | |0 0 |1 0 |4 0 |6 823_000000000000000_SHO_S_M9 |7 0 |9 142457 |a SCC |b SCC |d 2017-10-11 |l 0 |o 823 SHO/S M9 |p SCC07948 |r 2017-10-11 |w 2017-10-11 |y BK | ||